Quản lý đào tạo từ xa đáp ứng nhu cầu nhân lực trình độ đại học vùng đồng bằng sông Cửu Long
Nội dung: Cơ sở lý luận về quản lý đào tạo từ xa đáp ứng nhu cầu nhân lực trình độ đại học; thực trạng quản lý đào tạo từ xa; giải pháp quản lý đào tạo từ xa vùng ĐBSCL
Đã lưu trong:
| Tác giả chính: | |
|---|---|
| Định dạng: | Sách |
| Ngôn ngữ: | Undetermined |
| Được phát hành: |
Cần Thơ
Trường Đại học Cần Thơ
2017
|
| Những chủ đề: | |
| Các nhãn: |
Thêm thẻ
Không có thẻ, Là người đầu tiên thẻ bản ghi này!
|
| Thư viện lưu trữ: | Trung tâm Học liệu Trường Đại học Cần Thơ |
|---|
| LEADER | 01005nam a2200217Ia 4500 | ||
|---|---|---|---|
| 001 | CTU_235952 | ||
| 008 | 210402s9999 xx 000 0 und d | ||
| 020 | |c 104000 | ||
| 082 | |a 378.1 | ||
| 082 | |b T120 | ||
| 088 | |a TĐH2018-05 | ||
| 100 | |a Phạm, Phương Tâm | ||
| 245 | 0 | |a Quản lý đào tạo từ xa đáp ứng nhu cầu nhân lực trình độ đại học vùng đồng bằng sông Cửu Long | |
| 245 | 0 | |c Phạm Phương Tâm | |
| 260 | |a Cần Thơ | ||
| 260 | |b Trường Đại học Cần Thơ | ||
| 260 | |c 2017 | ||
| 520 | |a Nội dung: Cơ sở lý luận về quản lý đào tạo từ xa đáp ứng nhu cầu nhân lực trình độ đại học; thực trạng quản lý đào tạo từ xa; giải pháp quản lý đào tạo từ xa vùng ĐBSCL | ||
| 650 | |a Giáo dục đại học,Education, Higher | ||
| 910 | |a Tuyên | ||
| 980 | |a Trung tâm Học liệu Trường Đại học Cần Thơ | ||